000 00881nam a2200253 i 4500
001 16013
003 ES-MaACL
005 20250806054251.0
007 t|
008 000601s1991 sp ||||0| spa d
020 _a84-7846-064-0
080 _a61(0:7)
100 1 _aLópez-Ríos Fernández, Fernando.
_973922
245 1 0 _aArte y medicina en las misericordias de los coros españoles /
_cFernando López-Ríos Fernández.
260 _a[Valladolid] :
_bConsejería de Cultura y Bienestar Social,
_c1991.
300 _a217 p. :
_bil. col. y n. ;
_c25 cm.
490 1 _aEstudios de arte ;
_v6
504 _aBibliografía: p. 205-209.
650 7 _aMedicina-
_xEn el arte
_2
_9148795
710 1 _aCastilla y León.
_bConsejería de Cultura y Bienestar Social.
_92498
830 1 _aEstudios de arte ;
_v6
_9179848
852 _aES-MaACL
_jL-23166
999 _c16013
_d16013